00737nam a22001457a 4500008004100000020001800041050000800059100003100067245005200098250001200150260004000162300002100202500002700223505034100250190919b xxu||||| |||| 00| 0 eng d a9789351381044 aREF aParthasarathy, Rangaswami. aBasic journalism. /c Rangaswami Parthasarathy. a2nd ed. aNew Delhi : bTrinity Press,c2017. a195 p. :c22 cm. aIncludes bibliography. aContents: Introduction -- Inside a newspaper -- What a newspaper -- What is news? -- The electronic era -- Suppliers of news -- The reporter -- News editor -- The Sub-editor -- Anatomy of editing -- Mofussil news -- Language and style -- Headlines -- Design and make-up -- Picture editing and captions -- A glossary of newspaper jargon.